| 000 | 00612nam a2200217Ii 4500 | ||
|---|---|---|---|
| 003 | JO-AjNU | ||
| 008 | 230606s9999||||xx |||||||||||||| ||und|| | ||
| 020 | _a978-1-119-68735-1 | ||
| 040 |
_aJO-AjNU _beng _erda _cJO-AjNU |
||
| 041 | _aeng | ||
| 050 | 1 | 4 | _aQA76.9.2021 |
| 100 | 3 |
_aJanca,Tanya , _eauthor _96525 |
|
| 245 | 0 | 0 | _aAlice & Bob Learn Application Security |
| 250 | _a1ed | ||
| 264 | 3 | 1 | _aUnited States: wiley, 2021 |
| 300 | _a257p | ||
| 336 |
_atext _btxt _2rdacontent |
||
| 337 |
_aunmediated _bn _2rdamedia |
||
| 338 |
_avolume _bnc _2rdacarrier |
||
| 650 | 4 |
_aSecurity-Application Security _96526 |
|
| 999 |
_aE3387 _c3383 _d3383 |
||